Ḥinukh be-muzeʾonim : leḳeṭ maʾamarim /

Saved in:
Bibliographic Details
Main Author: Falk, John H. 1948-
Corporate Authors: Ḥevrah la-haganat ha-ṭevaʻ., Moʻatsah le-shimur mivnim ṿa-atare hityashvut., Mikhlelet Leṿinsḳi le-ḥinukh (Israel)
Other Authors: Shaham-Gover, Orit., Gur Aryeh, Mirah.
Format: Book
Language:Hebrew
Published: Miḳṿeh Yiśraʾel : Moʻatsah le-shimur mivnim ṿa-atare hityashvut : Ḥevrah la-haganat ha-ṭevaʻ : Mikhlelet Leṿinsḳi le-ḥinukh, 1993.
Subjects:
Tags: Add Tag
No Tags, Be the first to tag this record!
LEADER 00965nam a22002417a 4500
001 009486706-2
005 20050206162404.0
008 041025s1993 is |||||||||||||||||heb|d
035 0 |a ocm58416752 
100 1 |a Falk, John H.  |q (John Howard),  |d 1948- 
240 1 0 |a Museum experience.  |l Hebrew 
245 1 0 |a Ḥinukh be-muzeʾonim :  |b leḳeṭ maʾamarim /  |c ʻarikhah Orit Gover ; targum me-Anglit Mirah Gur Aryeh. 
260 |a Miḳṿeh Yiśraʾel :  |b Moʻatsah le-shimur mivnim ṿa-atare hityashvut :  |b Ḥevrah la-haganat ha-ṭevaʻ :  |b Mikhlelet Leṿinsḳi le-ḥinukh,  |c 1993. 
300 |a 142 p. ;  |c 24 cm. 
650 0 |a Museums  |x Educational aspects. 
710 2 |a Ḥevrah la-haganat ha-ṭevaʻ. 
710 2 |a Moʻatsah le-shimur mivnim ṿa-atare hityashvut. 
700 1 |a Shaham-Gover, Orit. 
700 1 |a Gur Aryeh, Mirah. 
710 2 |a Mikhlelet Leṿinsḳi le-ḥinukh (Israel) 
752 |a Israel  |d Miḳṿeh Yiśraʾel. 
988 |a 20041025 
906 |0 MH